[Event "GCT 2023 Saint Louis - Blitz"]
[Site "Saint Louis"]
[Date "17.11.2023"]
[Round "1B"]
[White "Sevian, Samuel"]
[Black "Xiong, Jeffery"]
[Result "1/2-1/2"]
[WhiteElo "2581"]
[BlackElo "2727"]
[EventDate "2023.11.17"]

1. e4 c5 2. Nf3 d6 3. d4 cxd4 4. Nxd4 Nf6 5. Bb5+ Bd7 6. c4 a6 7. Bxd7+
Nbxd7 8. f3 Rc8 9. b3 e6 10. O-O Be7 11. Bb2 b5 12. cxb5 axb5 13. Na3 b4
14. Nac2 d5 15. e5 Nxe5 16. Nxe6 fxe6 17. Bxe5 O-O 18. Kh1 Nd7 19. Bb2 Qc7
20. Nd4 Qb6 21. Re1 e5 22. Nf5 Rxf5 23. Qxd5+ Rf7 24. Qxd7 Rc2 25. Bxe5 Bh4
26. Qe8+ Rf8 27. Qd7 Rf7 28. Qd3 Qf2 29. Rg1 h6 30. Raf1 Qe2 31. Qxe2 Rxe2
32. Bd4 Rd7 33. Rd1 Rxa2 34. Bc5 Rxd1 35. Rxd1 Rb2 36. Bxb4 Rxb3 37. Bd6
Bf6 38. Bc5 Rb5 39. Bf2 Ra5 40. h3 Ra1 41. Rxa1 Bxa1 42. f4 h5 43. Kg1 Kf7
44. Kf1 Ke6 45. Ke2 g6 46. Kf3 Kf5 47. g4+ hxg4+ 48. hxg4+ Ke6 49. Ke4 Bf6
50. Bd4 Be7 51. Be5 Bd8 52. f5+ gxf5+ 53. gxf5+ Kf7 54. f6 Bxf6 55. Bxf6
Kxf6 1/2-1/2

[Event "GCT 2023 Saint Louis - Blitz"]
[Site "Saint Louis"]
[Date "17.11.2023"]
[Round "1B"]
[White "Caruana, Fabiano"]
[Black "So, Wesley"]
[Result "1-0"]
[WhiteElo "2765"]
[BlackElo "2753"]
[EventDate "2023.11.17"]

1. d4 Nf6 2. c4 e6 3. Nc3 d5 4. cxd5 exd5 5. Bg5 c6 6. Qc2 h6 7. Bh4 Be6 8.
e3 Nbd7 9. Bd3 g5 10. Bg3 Nh5 11. Nge2 Qe7 12. O-O Bg7 13. h3 Nxg3 14. Nxg3
O-O 15. Bh7+ Kh8 16. Bf5 c5 17. Rad1 Rad8 18. Nh5 Nf6 19. Nxg7 Kxg7 20.
dxc5 Qxc5 21. Rd4 Qb6 22. Bd3 Rfe8 23. Rd1 Rc8 24. Qd2 a6 25. a3 Qc7 26.
Be2 Qb6 27. h4 g4 28. g3 Bf5 29. Rf4 Qe6 30. Qd4 Rcd8 31. Bd3 Bxd3 32. Qxd3
Qe5 33. Rf5 Qe6 34. Nxd5 Rxd5 35. Rxd5 Nxd5 36. Qxd5 Qxd5 37. Rxd5 Rc8 38.
h5 Kf6 1-0

[Event "GCT 2023 Saint Louis - Blitz"]
[Site "Saint Louis"]
[Date "17.11.2023"]
[Round "1B"]
[White "Le, Quang Liem"]
[Black "Vachier-Lagrave, Maxime"]
[Result "0-1"]
[WhiteElo "2652"]
[BlackElo "2771"]
[EventDate "2023.11.17"]

1. Nf3 d5 2. d4 Nf6 3. c4 dxc4 4. e3 e6 5. Bxc4 a6 6. O-O c5 7. dxc5 Bxc5
8. Qxd8+ Kxd8 9. Nbd2 Ke7 10. Be2 Bd7 11. Nb3 Bb6 12. Bd2 Nc6 13. Bc3 Rhg8
14. Rfd1 Ne4 15. Be1 Rgd8 16. Nfd2 Nxd2 17. Nxd2 Be8 18. Bf3 Ba5 19. a3
Rac8 20. b4 Bc7 21. Nb3 Be5 22. Rab1 Rxd1 23. Rxd1 Nd8 24. Nc5 Bc6 25. Bxc6
Rxc6 26. Kf1 Bd6 27. Ne4 b5 28. Ke2 f5 29. Nxd6 Rxd6 30. Rc1 Rc6 31. Bc3 e5
32. Kd2 Nf7 33. Bb2 Rxc1 34. Bxc1 Ke6 35. f3 Kd5 36. Kc3 g6 37. Kb3 Nd8 38.
Bb2 Ne6 39. a4 g5 40. a5 e4 41. Kc3 h5 42. Bc1 exf3 43. gxf3 g4 44. fxg4
fxg4 45. Kd3 Ng5 46. e4+ Nxe4 47. Ke3 h4 48. Kf4 g3 49. hxg3 Nxg3 50. Kg4
Ne2 51. Bd2 Nd4 52. Be1 Nc2 53. Bxh4 Nxb4 54. Kf3 Nc6 55. Be1 Kc4 56. Ke2
b4 57. Kd2 Nxa5 58. Kc2 Nc6 59. Kb2 a5 60. Bf2 a4 61. Be3 Ne5 62. Bh6 Nd3+
63. Kb1 Kb3 64. Bg7 a3 0-1

[Event "GCT 2023 Saint Louis - Blitz"]
[Site "Saint Louis"]
[Date "17.11.2023"]
[Round "1B"]
[White "Nepomniachtchi, Ian"]
[Black "Robson, Ray"]
[Result "1-0"]
[WhiteElo "2789"]
[BlackElo "2596"]
[EventDate "2023.11.17"]

1. e4 e5 2. Nf3 Nc6 3. Bc4 Nf6 4. d3 Bc5 5. a4 d6 6. O-O a5 7. Be3 Bxe3 8.
fxe3 O-O 9. Qe1 Ne7 10. Nh4 c6 11. Qg3 Ng6 12. Nxg6 hxg6 13. Bb3 Kh8 14.
Qh4+ Kg8 15. Nd2 Be6 16. Bxe6 fxe6 17. Qg3 Qe8 18. Nc4 Rd8 19. Nxa5 Rd7 20.
Nc4 Nh7 21. a5 Rf6 22. h3 Nf8 23. Rf2 Qd8 24. Raf1 Rdf7 25. b4 Qe7 26. c3
Qd8 27. d4 exd4 28. exd4 d5 29. Ne5 Rxf2 30. Rxf2 Rxf2 31. Qxf2 Qe7 32. Qf3
g5 33. exd5 exd5 34. Qf5 Nh7 35. Qd7 Qf6 36. Qxb7 Qf4 37. Qc8+ Nf8 38. Ng6
Qe3+ 39. Kh2 Kf7 40. Qf5+ 1-0

[Event "GCT 2023 Saint Louis - Blitz"]
[Site "Saint Louis"]
[Date "17.11.2023"]
[Round "1B"]
[White "Firouzja, Alireza"]
[Black "Giri, Anish"]
[Result "1-0"]
[WhiteElo "2742"]
[BlackElo "2697"]
[EventDate "2023.11.17"]

1. c4 Nf6 2. Nc3 e5 3. Nf3 Nc6 4. d3 d5 5. cxd5 Nxd5 6. e4 Nb6 7. Be2 Be7
8. Be3 O-O 9. Rc1 Be6 10. O-O Bf6 11. Nd2 Re8 12. Nb3 Bxb3 13. Qxb3 Bg5 14.
Rc2 a6 15. Nd5 Bxe3 16. fxe3 Na5 17. Qa3 Nxd5 18. exd5 b6 19. Bf3 Rc8 20.
Qc3 Qd7 21. h3 g6 22. e4 h5 23. Rcf2 Re7 24. Qd2 Qd6 25. Bxh5 gxh5 26. Rf6
Qc5+ 27. Kh1 Kf8 28. b4 1-0

[Event "GCT 2023 Saint Louis - Blitz"]
[Site "Saint Louis"]
[Date "17.11.2023"]
[Round "2B"]
[White "So, Wesley"]
[Black "Le, Quang Liem"]
[Result "1-0"]
[WhiteElo "2753"]
[BlackElo "2652"]
[EventDate "2023.11.17"]

1. Nf3 d5 2. d4 Nf6 3. Bf4 c5 4. e3 Nc6 5. Nbd2 e6 6. c3 cxd4 7. exd4 Nh5
8. Be3 Bd6 9. Ne5 Nf6 10. f4 Qb6 11. Qb3 Ng8 12. g3 f6 13. Nd3 Nh6 14. Bg2
O-O 15. O-O Ng4 16. Rfe1 Ne7 17. Bh3 Nh6 18. Bf2 Nhf5 19. Re2 h5 20. Rae1
Qxb3 21. axb3 b6 22. c4 Kf7 23. Bg2 Rb8 24. h3 Rd8 25. Bf3 h4 26. g4 Ng3
27. Bxg3 hxg3 28. f5 exf5 29. c5 bxc5 30. dxc5 Be5 31. Nxe5+ fxe5 32. Rxe5
Ng6 33. Rxd5 Rxd5 34. Bxd5+ Kf6 35. Re8 Nf4 36. Bf3 g6 37. c6 Ne6 38. gxf5
gxf5 39. h4 Nc7 40. Rf8+ Kg7 41. Rd8 Ne6 42. Re8 Kf7 43. Rh8 Kg7 44. Re8
Kf7 45. Bh5+ Kf6 46. Rg8 f4 47. Bg4 Kf7 48. Bxe6+ Kxe6 49. h5 Rb5 50. h6
Rh5 51. Rxc8 Rxh6 52. Rd8 Rh7 53. b4 a6 54. Nf3 Kf5 55. Rd7 Rh8 56. c7 Ke4
57. Rd8 1-0

[Event "GCT 2023 Saint Louis - Blitz"]
[Site "Saint Louis"]
[Date "17.11.2023"]
[Round "2B"]
[White "Vachier-Lagrave, Maxime"]
[Black "Nepomniachtchi, Ian"]
[Result "0-1"]
[WhiteElo "2771"]
[BlackElo "2789"]
[EventDate "2023.11.17"]

1. e4 c5 2. Nf3 e6 3. d4 cxd4 4. Nxd4 Nf6 5. Bd3 Nc6 6. Nxc6 dxc6 7. Nd2 e5
8. Nc4 Be6 9. O-O Nd7 10. a4 Be7 11. Qf3 O-O 12. Rd1 Qc7 13. Ne3 Nc5 14.
Bc4 Rfd8 15. Bd2 Bg5 16. Bxe6 Nxe6 17. Bc3 Bxe3 18. Qxe3 c5 19. h3 Nd4 20.
Rd2 Rd6 21. Bxd4 cxd4 22. Qd3 Rc6 23. a5 Rc8 24. c3 dxc3 25. bxc3 Rxc3 26.
Qd5 Rc5 27. Qb3 g6 28. Rad1 Rc1 29. Kh2 Rxd1 30. Rxd1 Qe7 31. Rd5 Qf6 32.
Qg3 Rc2 33. Qxe5 Qxe5+ 34. Rxe5 Rxf2 35. Rb5 Ra2 36. Rxb7 Rxa5 37. e5 g5
38. h4 gxh4 39. Kh3 Ra4 40. Rc7 Kf8 41. Rb7 h6 42. Rc7 a6 43. Ra7 Ke8 44.
Rb7 a5 45. Ra7 Kf8 46. Kh2 Ra3 47. Kg1 a4 48. Kh2 Ke8 49. Kg1 Ra1+ 50. Kh2
a3 51. Kh3 a2 52. Kh2 Kd8 53. Ra6 Ke7 54. Ra5 Ke6 55. Ra8 Kxe5 56. Re8+ Kd6
57. Ra8 h5 58. Ra6+ Kc5 59. Ra8 f5 60. Rc8+ Kd6 61. Ra8 f4 0-1

[Event "GCT 2023 Saint Louis - Blitz"]
[Site "Saint Louis"]
[Date "17.11.2023"]
[Round "2B"]
[White "Xiong, Jeffery"]
[Black "Giri, Anish"]
[Result "1/2-1/2"]
[WhiteElo "2727"]
[BlackElo "2697"]
[EventDate "2023.11.17"]

1. d4 d5 2. c4 c6 3. Nf3 Nf6 4. Nc3 e6 5. Bg5 h6 6. Bxf6 Qxf6 7. e3 g6 8.
Be2 Bg7 9. O-O O-O 10. cxd5 exd5 11. b4 Qd6 12. b5 Be6 13. bxc6 bxc6 14.
Na4 Nd7 15. Qc2 Rfc8 16. Rfc1 Rab8 17. Nd2 c5 18. Nxc5 Nxc5 19. dxc5 Rxc5
20. Qxc5 Qxc5 21. Rxc5 Bxa1 22. Nb3 d4 23. Bc4 Bxc4 24. Rxc4 dxe3 25. fxe3
Be5 26. g3 Rd8 27. Kf2 h5 28. Kf3 Kg7 29. Ra4 Rd7 30. Nc5 Rc7 31. Nd3 Bf6
32. Nf4 Be5 33. Nd3 Bf6 34. Nf4 Be5 35. Nd3 Bf6 1/2-1/2

[Event "GCT 2023 Saint Louis - Blitz"]
[Site "Saint Louis"]
[Date "17.11.2023"]
[Round "2B"]
[White "Sevian, Samuel"]
[Black "Caruana, Fabiano"]
[Result "1-0"]
[WhiteElo "2581"]
[BlackElo "2765"]
[EventDate "2023.11.17"]

1. d4 Nf6 2. c4 e6 3. Nf3 d5 4. Nc3 c6 5. Bg5 Be7 6. e3 O-O 7. h3 Nbd7 8.
Qc2 b6 9. cxd5 cxd5 10. Bd3 Bb7 11. O-O Rc8 12. Qb1 h6 13. Bf4 a6 14. a4
Nb8 15. Ne5 Nfd7 16. Nxd7 Qxd7 17. Qd1 Bd6 18. Bxd6 Qxd6 19. Qe2 a5 20.
Rad1 Nc6 21. Rfe1 Nb4 22. Bb1 Qe7 23. Qg4 Qg5 24. Qf3 Rfd8 25. g3 Qe7 26.
Qh5 Qf6 27. h4 Re8 28. f4 Qe7 29. g4 Qf8 30. g5 g6 31. Qf3 h5 32. Kh2 Red8
33. Rg1 Qe7 34. Rg2 Kg7 35. Ne2 Bc6 36. Nc3 Bd7 37. Rf1 Qe8 38. Qd1 Qe7 39.
Kh1 Rc7 40. Qf3 Rdc8 41. Rgf2 Qe8 42. Qg3 Rxc3 43. bxc3 Rxc3 44. Rf3 Bxa4
45. f5 exf5 46. Bxf5 gxf5 47. Rxf5 Qe4+ 48. Kg1 Be8 49. Re5 Rxe3 50. Qxe3
Qxe3+ 51. Rxe3 Bb5 52. Rf6 Nc6 53. Ref3 Nd8 54. Rxb6 Bc4 55. g6 fxg6 56.
Rd6 1-0

[Event "GCT 2023 Saint Louis - Blitz"]
[Site "Saint Louis"]
[Date "17.11.2023"]
[Round "2B"]
[White "Robson, Ray"]
[Black "Firouzja, Alireza"]
[Result "0-1"]
[WhiteElo "2596"]
[BlackElo "2742"]
[EventDate "2023.11.17"]

1. d4 Nf6 2. c4 e6 3. Nf3 d5 4. g3 Bb4+ 5. Bd2 Be7 6. Bg2 O-O 7. O-O Nbd7
8. Qc2 c6 9. Bf4 a5 10. Rd1 a4 11. Nc3 dxc4 12. Nxa4 Nd5 13. Nc3 b5 14. a4
Qa5 15. Bd2 b4 16. Ne4 Ba6 17. Ne5 Nxe5 18. dxe5 h6 19. Nd6 c3 20. bxc3
Nxc3 21. Bxc3 bxc3 22. Bxc6 Qxe5 23. Bxa8 Rxa8 24. Nb5 Rc8 25. Rd7 Bf6 26.
Rb1 Qf5 27. Qxf5 exf5 28. Rc1 Rc6 29. Rc7 Bxb5 30. Rxc6 Bxc6 31. a5 Bb5 32.
Kf1 Kf8 33. Rb1 Bc4 34. Rb4 Be6 35. Ke1 c2 36. Rb8+ Ke7 37. Kd2 Bc3+ 38.
Kxc2 Bxa5 39. Kd1 Kf6 40. Rb5 Bc3 41. Rb6 Bd4 0-1

[Event "GCT 2023 Saint Louis - Blitz"]
[Site "Saint Louis"]
[Date "17.11.2023"]
[Round "3B"]
[White "Firouzja, Alireza"]
[Black "Vachier-Lagrave, Maxime"]
[Result "0-1"]
[WhiteElo "2742"]
[BlackElo "2771"]
[EventDate "2023.11.17"]

1. c4 e5 2. g3 c6 3. Nf3 e4 4. Nd4 d5 5. cxd5 Qxd5 6. Nc2 Nf6 7. Nc3 Qe5 8.
Bg2 Na6 9. Rb1 h5 10. h3 Bf5 11. Ne3 Bg6 12. b3 Bc5 13. Bb2 Qe6 14. a3 Rd8
15. Qc2 Bd4 16. b4 Nc7 17. Na4 Qe7 18. Bxd4 Rxd4 19. Nc5 Ne6 20. Qb2 Rd8
21. Nb3 O-O 22. O-O Qc7 23. h4 Nd5 24. Nxd5 Rxd5 25. d3 Re5 26. dxe4 Bxe4
27. Rbd1 Bxg2 28. Kxg2 Re8 29. e3 c5 30. bxc5 Nxc5 31. Nd4 Ne4 32. Rc1 Qd7
33. Nf3 Rd5 34. Qe2 Rd8 35. Rc2 b6 36. Rfc1 Rc5 37. Rxc5 Nxc5 38. Rc4 Qd3
39. Qa2 Qd5 40. Qc2 Nd3 41. e4 Qd6 42. Rc8 g6 43. Rxd8+ Qxd8 44. Qd2 Qd7
45. Qh6 Qe6 46. Qe3 Qd6 47. Ng5 Qxa3 48. e5 Qb3 49. e6 Qd5+ 50. Kh2 fxe6
51. f3 Ne5 52. Qe2 b5 53. Ne4 Qd4 54. Kg2 Nc4 55. Nf2 Ne3+ 56. Kh3 a6 57.
Qa2 Qc4 58. Qa1 Qf1+ 59. Qxf1 Nxf1 60. Nd3 Ne3 61. g4 a5 0-1

[Event "GCT 2023 Saint Louis - Blitz"]
[Site "Saint Louis"]
[Date "17.11.2023"]
[Round "3B"]
[White "Giri, Anish"]
[Black "Robson, Ray"]
[Result "1-0"]
[WhiteElo "2697"]
[BlackElo "2596"]
[EventDate "2023.11.17"]

1. e4 e5 2. Nf3 Nc6 3. Bc4 Nf6 4. d3 Bc5 5. O-O d6 6. c3 a5 7. Re1 Ba7 8.
Nbd2 O-O 9. h3 Be6 10. Bb5 Ne7 11. d4 Ng6 12. Ba4 c6 13. Bc2 Qc7 14. Nf1 h6
15. Ng3 Rad8 16. Be3 b5 17. a4 b4 18. Qc1 c5 19. d5 Bc8 20. c4 Kh7 21. Nf5
Ng8 22. Kh2 f6 23. g4 Qf7 24. Rg1 N6e7 25. Rg3 g6 26. Nxh6 Nxh6 27. Bxh6
Rh8 28. Kg2 Kg8 29. h4 Qh7 30. Be3 Kf7 31. Qd2 Rdg8 32. Rh1 Ke8 33. b3 Qf7
34. Qe2 Bd7 35. Kf1 f5 36. gxf5 gxf5 37. Rxg8+ Qxg8 38. Bg5 Qf7 39. exf5
Rh5 40. Nxe5 dxe5 41. Qxe5 Rh7 42. f6 Qh5 43. Bxh7 Qd1+ 44. Kg2 Qg4+ 45.
Qg3 1-0

[Event "GCT 2023 Saint Louis - Blitz"]
[Site "Saint Louis"]
[Date "17.11.2023"]
[Round "3B"]
[White "Nepomniachtchi, Ian"]
[Black "So, Wesley"]
[Result "0-1"]
[WhiteElo "2789"]
[BlackElo "2753"]
[EventDate "2023.11.17"]

1. e4 e5 2. Nf3 Nc6 3. Bc4 Bc5 4. d3 Nf6 5. a4 a5 6. O-O h6 7. Be3 Bxe3 8.
fxe3 O-O 9. Nbd2 d5 10. exd5 Nxd5 11. Qe2 Be6 12. Rae1 Qe7 13. c3 Nb6 14.
Bb5 Bg4 15. h3 Bh5 16. g4 Bg6 17. d4 exd4 18. exd4 Qxe2 19. Rxe2 Na7 20.
Ne5 Bh7 21. Bd3 Bxd3 22. Nxd3 Nxa4 23. Nb3 Nc8 24. Ra1 b5 25. Ne5 Re8 26.
Rf2 Nd6 27. Ra2 f6 28. Nc6 Nc4 29. d5 Re1+ 30. Kh2 Ncxb2 31. Rfxb2 Nxb2 32.
Rxb2 a4 33. Nbd4 a3 34. Ra2 Rb1 35. Nb4 Rb2+ 36. Kg3 Ra4 37. Ndc2 Rb3 38.
Nd4 Rb2 39. Ra1 a2 40. Nxb5 0-1

[Event "GCT 2023 Saint Louis - Blitz"]
[Site "Saint Louis"]
[Date "17.11.2023"]
[Round "3B"]
[White "Le, Quang Liem"]
[Black "Sevian, Samuel"]
[Result "1-0"]
[WhiteElo "2652"]
[BlackElo "2581"]
[EventDate "2023.11.17"]

1. d4 Nf6 2. c4 e6 3. Nf3 d5 4. Nc3 Bb4 5. e3 O-O 6. Bd2 b6 7. cxd5 exd5 8.
Rc1 Re8 9. Ne5 c5 10. Bb5 Re7 11. O-O a6 12. Ba4 Bb7 13. a3 Bxc3 14. Bxc3
Ne4 15. Be1 c4 16. f3 Nd6 17. Qd2 f6 18. Ng4 Nd7 19. Bc2 h5 20. Nf2 Qe8 21.
Nd1 Rc8 22. Bg3 Re6 23. Nc3 Nf8 24. Rce1 Rd8 25. Re2 Ng6 26. Qe1 h4 27.
Bxh4 b5 28. Qg3 Nxh4 29. Qxh4 f5 30. g4 Rh6 31. Qg3 a5 32. gxf5 b4 33. axb4
axb4 34. Nd1 Ba6 35. Rg2 Qe7 36. Re1 Re8 37. Nf2 c3 38. Ng4 Rh5 39. f6 Qd7
40. fxg7 Re6 41. bxc3 bxc3 42. Rb1 Bc8 43. Rb8 Qa7 44. Qxd6 Rxd6 45. Nf6+
Rxf6 46. Rxc8+ 1-0

[Event "GCT 2023 Saint Louis - Blitz"]
[Site "Saint Louis"]
[Date "17.11.2023"]
[Round "3B"]
[White "Caruana, Fabiano"]
[Black "Xiong, Jeffery"]
[Result "1-0"]
[WhiteElo "2765"]
[BlackElo "2727"]
[EventDate "2023.11.17"]

1. d4 d5 2. Nc3 Nf6 3. Bf4 e6 4. Nb5 Na6 5. e3 Be7 6. Nf3 O-O 7. h4 c6 8.
Nc3 c5 9. a3 Bd7 10. Bd3 Nb8 11. h5 h6 12. dxc5 Bxc5 13. Qe2 Nc6 14. e4 Ng4
15. Bg3 Rc8 16. O-O Nf6 17. Bh4 Be7 18. Bxf6 Bxf6 19. Rad1 Re8 20. Nb5 Be7
21. c4 dxc4 22. Bxc4 Na5 23. Bd3 a6 24. Nc3 Bc6 25. e5 Qb6 26. Nd4 Red8 27.
Nxc6 Qxc6 28. Ne4 Nb3 29. Qg4 Kf8 30. Nf6 Bxf6 31. exf6 gxf6 32. Qf4 Ke7
33. Be4 Qb5 34. Bf3 Qe5 35. Qb4+ Nc5 36. Rxd8 Rxd8 37. Rc1 Rc8 38. Qd2 Qd6
39. Qxh6 Rd8 40. Qe3 b6 41. b4 Nd7 42. Rd1 Qc7 43. Qd3 a5 44. bxa5 bxa5 45.
a4 Rh8 46. Qa3+ Nc5 47. Rc1 Rc8 48. h6 Kf8 49. Qc3 Qe5 50. Qxa5 Kg8 51. Qb5
Qg5 52. Rc2 Qe5 53. a5 Rb8 54. Qf1 Rb3 55. Ra2 Rc3 56. a6 Nxa6 57. Rxa6 Qf4
58. Ra1 Qxh6 59. Qe2 Rc1+ 60. Rxc1 Qxc1+ 61. Qf1 Qf4 62. Qd1 f5 63. g3 Qe5
64. Kg2 Kg7 65. Qd7 Qf6 66. Bh5 Kf8 67. Qb7 Kg7 68. Be2 Kf8 69. Bf3 Kg7 70.
Qb4 Qe5 71. Qe7 Kg6 72. Qf8 Qf6 73. Qg8+ Kh6 74. Bc6 Qe7 75. Qh8+ Kg6 76.
Bf3 Qg5 77. Qg8+ Kf6 78. Qxg5+ Kxg5 79. Bd1 f4 80. g4 Kh4 81. Kf3 Kg5 82.
Ke4 f6 83. f3 e5 84. Ba4 Kh4 85. Kf5 Kg3 86. Bc6 1-0

[Event "GCT 2023 Saint Louis - Blitz"]
[Site "Saint Louis"]
[Date "17.11.2023"]
[Round "4B"]
[White "Xiong, Jeffery"]
[Black "Robson, Ray"]
[Result "1/2-1/2"]
[WhiteElo "2727"]
[BlackElo "2596"]
[EventDate "2023.11.17"]

1. d4 Nf6 2. c4 e6 3. Nc3 Bb4 4. Nf3 d5 5. Qa4+ Nc6 6. e3 O-O 7. Bd2 dxc4
8. Bxc4 Bd6 9. Qc2 e5 10. dxe5 Nxe5 11. Nxe5 Bxe5 12. f4 Bxc3 13. Bxc3 Ng4
14. Bd4 c5 15. Bxc5 Re8 16. O-O Nxe3 17. Bxe3 Rxe3 18. Qf2 Re4 19. Rad1 Qf6
20. Bd5 Re7 21. Rfe1 g6 22. Rxe7 Qxe7 23. Re1 Be6 24. f5 gxf5 25. Qg3+ Kf8
26. Qc3 Kg8 27. Qg3+ Kf8 28. Qc3 Kg8 29. Qg3+ 1/2-1/2

[Event "GCT 2023 Saint Louis - Blitz"]
[Site "Saint Louis"]
[Date "17.11.2023"]
[Round "4B"]
[White "Caruana, Fabiano"]
[Black "Le, Quang Liem"]
[Result "0-1"]
[WhiteElo "2765"]
[BlackElo "2652"]
[EventDate "2023.11.17"]

1. e4 c5 2. Nf3 Nc6 3. Bb5 g6 4. Bxc6 bxc6 5. O-O Bg7 6. Re1 Qc7 7. Na3 d6
8. e5 dxe5 9. Nc4 f6 10. d3 Nh6 11. Be3 Be6 12. b3 O-O 13. Bxc5 Rad8 14.
Qe2 Nf5 15. a4 Rfe8 16. a5 Bd5 17. h3 Nd4 18. Nxd4 exd4 19. a6 e5 20. Na5
Bf8 21. Bxf8 Rxf8 22. Nb7 Rde8 23. Qd2 g5 24. c4 dxc3 25. Qxc3 Qg7 26. Nd6
Rd8 27. Nf5 Qd7 28. Ne3 Rb8 29. b4 Bf7 30. Ra5 h5 31. Nc4 Rb5 32. Rxb5 cxb5
33. Nd2 Rc8 34. Ne4 Kg7 35. Nc5 Qd5 36. d4 exd4 37. Qd3 Re8 38. Rxe8 Bxe8
39. Qg3 Bf7 40. h4 Qe5 41. Qxe5 fxe5 42. hxg5 Kg6 43. Ne4 Bd5 44. Nc5 Kxg5
45. f3 Kf4 46. Kf2 e4 47. fxe4 Bxe4 48. Ne6+ Ke5 49. Ng5 Bd5 50. g3 Kf5 51.
Nh3 Ke4 52. Nf4 Bf7 53. Nh3 d3 54. Ng5+ Kd4 55. Nxf7 Kc3 56. Nd6 d2 57.
Ne4+ Kd3 58. Nxd2 Kxd2 59. Kf3 Kc3 60. Kf4 Kxb4 61. Kg5 Ka5 62. Kxh5 b4 0-1

[Event "GCT 2023 Saint Louis - Blitz"]
[Site "Saint Louis"]
[Date "17.11.2023"]
[Round "4B"]
[White "Vachier-Lagrave, Maxime"]
[Black "Giri, Anish"]
[Result "1-0"]
[WhiteElo "2771"]
[BlackElo "2697"]
[EventDate "2023.11.17"]

1. e4 e5 2. Nf3 Nc6 3. Bb5 Nf6 4. O-O Nxe4 5. Re1 Nd6 6. Nxe5 Be7 7. Bf1
Nxe5 8. Rxe5 O-O 9. d4 Bf6 10. Re2 b6 11. Re1 Bb7 12. Bf4 Nf5 13. c3 Re8
14. Rxe8+ Qxe8 15. Nd2 d6 16. Qc2 Nh4 17. Bg3 Qe6 18. f3 Ng6 19. Bc4 Qd7
20. Re1 Re8 21. Ne4 Bd8 22. Bd3 h5 23. Qc1 h4 24. Bf2 d5 25. Ng5 Rxe1+ 26.
Bxe1 Qe7 27. Bd2 Qf6 28. Nh3 Qd6 29. Bg5 Bxg5 30. Qxg5 Qe7 31. Kf2 Qxg5 32.
Nxg5 Nf4 33. Bf5 f6 34. Ne6 Nxe6 35. Bxe6+ Kf8 36. f4 g5 37. Kf3 Kg7 38.
Kg4 Kg6 39. b4 Bc6 40. a3 a6 41. Bf5+ Kh6 42. Bc8 a5 43. Kf5 axb4 44. cxb4
Ba4 45. Kxf6 gxf4 46. Ke5 Kg5 47. Kxd5 Bc2 48. Ke5 Bd3 49. h3 Bb5 50. Bb7
Bd7 51. Bf3 Be8 52. d5 1-0

[Event "GCT 2023 Saint Louis - Blitz"]
[Site "Saint Louis"]
[Date "17.11.2023"]
[Round "4B"]
[White "So, Wesley"]
[Black "Firouzja, Alireza"]
[Result "1/2-1/2"]
[WhiteElo "2753"]
[BlackElo "2742"]
[EventDate "2023.11.17"]

1. d4 Nf6 2. Bf4 g6 3. Nc3 d5 4. e3 Bg7 5. Nb5 Na6 6. Nc3 Nb8 7. Nf3 O-O 8.
Nb5 Na6 9. Be2 Nh5 10. Be5 f6 11. Bg3 c6 12. Na3 Nxg3 13. hxg3 e5 14. c4 e4
15. Nd2 Nc7 16. Qb3 f5 17. cxd5 cxd5 18. Nb5 Ne8 19. Rc1 Rf7 20. f4 exf3
21. gxf3 Nf6 22. f4 Re7 23. Nf3 a6 24. Na3 Be6 25. Nb1 Ne4 26. Rg1 Rc8 27.
Nc3 Rec7 28. Kf1 Bf8 29. Kg2 b5 30. Bd3 Nxc3 31. Rxc3 Rxc3 32. bxc3 Qa5 33.
Rc1 Kg7 34. Rc2 Bd6 35. Kf2 h6 36. Ne5 g5 37. Nf3 Kf6 38. Rc1 Qa3 39. Rc2
Bf8 40. Ke2 g4 41. Nh4 Qa5 42. Nxf5 h5 43. Nh4 Qa3 44. Kd2 Bf7 45. Qb1 b4
46. cxb4 Qxb4+ 47. Qxb4 Bxb4+ 48. Ke2 Rxc2+ 49. Bxc2 a5 50. Ng2 Be8 51. Bb3
Bb5+ 52. Kf2 Bc6 53. Ne1 a4 54. Bc2 Bb5 55. Nd3 Bc3 56. Nc5 a3 57. Bb3 Bc6
58. Nd3 Ba8 59. Ne5 Bb7 60. Nd7+ Ke7 61. Ne5 Kf6 62. Nd7+ Ke7 63. Nc5 Bc6
64. Nd3 Kf6 65. Nc1 Bb7 66. Ne2 Bb4 67. Nc1 Bc3 68. Ke2 Ba6+ 69. Nd3 Ke6
70. e4 Bxd4 71. Bxd5+ Kd6 72. Bb3 h4 73. e5+ Ke7 74. gxh4 g3 75. Kf3 Bxd3
76. Kxg3 Be2 77. Bd5 Bd1 78. Bc4 Bh5 79. Bb3 Be2 80. Bd5 Bd1 81. Bc4 Bh5
82. Bb3 Be2 83. Bd5 Bh5 84. Bb3 Be2 85. Bd5 1/2-1/2

[Event "GCT 2023 Saint Louis - Blitz"]
[Site "Saint Louis"]
[Date "17.11.2023"]
[Round "4B"]
[White "Sevian, Samuel"]
[Black "Nepomniachtchi, Ian"]
[Result "0-1"]
[WhiteElo "2581"]
[BlackElo "2789"]
[EventDate "2023.11.17"]

1. e4 e5 2. Nf3 Nc6 3. Bb5 a6 4. Ba4 Nf6 5. O-O Be7 6. Re1 b5 7. Bb3 O-O 8.
a4 Na5 9. Ba2 d6 10. b4 Nc4 11. Nc3 c6 12. a5 d5 13. Bxc4 dxc4 14. Ba3 Bg4
15. d3 cxd3 16. cxd3 Rc8 17. h3 Bxf3 18. Qxf3 c5 19. bxc5 Bxc5 20. Bxc5
Rxc5 21. Ne2 b4 22. d4 exd4 23. Rad1 Qxa5 24. Nxd4 Qc7 25. Nf5 a5 26. e5
Rxe5 27. Nh6+ gxh6 28. Qg3+ Ng4 29. Qxg4+ Rg5 30. Qe4 b3 31. Qa4 Qb7 32. g3
Qb5 33. Qa3 Rd5 34. Rb1 a4 35. Re4 Ra8 36. Rb4 Qc6 37. Rc1 Qd7 38. Rg4+ Rg5
39. Rh4 Rg6 40. Rb1 Qd3 41. Ra1 Rb8 42. Rxa4 Qd2 43. Rb1 b2 44. Ra8 Rb6 45.
Rxb8+ Rxb8 46. Qa2 Qc2 47. Kg2 Kg7 48. h4 h5 49. Kg1 h6 50. Kg2 Rb3 51. Kh3
Qf5+ 52. Kg2 Qd5+ 53. Kh2 Qb7 54. Qa5 Qe4 55. Qa2 Qc2 56. Kg1 Rb5 57. Kg2
Qb3 58. Qa6 Qd5+ 59. Kh2 Qc5 60. Kg2 Qd5+ 61. Kh2 Qf5 62. Kg2 Qxb1 63. Qxb5
Qe4+ 64. f3 Qc2+ 65. Kh3 b1=Q 66. Qe5+ Kh7 0-1

[Event "GCT 2023 Saint Louis - Blitz"]
[Site "Saint Louis"]
[Date "17.11.2023"]
[Round "5B"]
[White "Nepomniachtchi, Ian"]
[Black "Caruana, Fabiano"]
[Result "1-0"]
[WhiteElo "2789"]
[BlackElo "2765"]
[EventDate "2023.11.17"]

1. e4 c5 2. Nf3 d6 3. Bb5+ Bd7 4. Bxd7+ Qxd7 5. c4 e5 6. Nc3 Nc6 7. d3 Be7
8. a3 Bd8 9. O-O Nge7 10. Rb1 O-O 11. b4 Ng6 12. Be3 b6 13. Qa4 f5 14. exf5
Rxf5 15. Nd2 Rf7 16. Nde4 Nf4 17. Bxf4 exf4 18. f3 Rc8 19. Nd5 h6 20. Rbe1
Bh4 21. g3 fxg3 22. hxg3 Be7 23. Kg2 Rcf8 24. Rf2 Bd8 25. Rh1 Rxf3 26. Rhf1
Rxf2+ 27. Rxf2 Rxf2+ 28. Nxf2 h5 29. Qd1 h4 30. gxh4 Bxh4 31. Ne4 Ne5 32.
Qh5 Bd8 33. bxc5 bxc5 34. Nxc5 dxc5 35. Qxe5 Qg4+ 36. Kf2 Bh4+ 37. Ke3 Bg5+
38. Kf2 Bh4+ 39. Ke3 Qg1+ 40. Kf3 Qd1+ 41. Kf4 g6 42. Qe4 Kg7 43. Ke5 Qe1
44. Kd6 Qf2 45. Kc6 Bg5 46. a4 a5 47. Qe5+ Bf6 48. Nxf6 Qxf6+ 49. Qxf6+
Kxf6 50. Kxc5 Ke5 51. d4+ Ke4 52. d5 1-0

[Event "GCT 2023 Saint Louis - Blitz"]
[Site "Saint Louis"]
[Date "17.11.2023"]
[Round "5B"]
[White "Giri, Anish"]
[Black "So, Wesley"]
[Result "0-1"]
[WhiteElo "2697"]
[BlackElo "2753"]
[EventDate "2023.11.17"]

1. e4 e5 2. Nf3 Nc6 3. Bc4 Nf6 4. d3 Bc5 5. O-O d6 6. c3 a5 7. Re1 O-O 8.
h3 Be6 9. Bb5 Ba7 10. Nbd2 Ne7 11. d4 Ng6 12. Ba4 Nh5 13. Nf1 Nhf4 14. Ng3
exd4 15. Nxd4 Bxd4 16. cxd4 d5 17. Qf3 dxe4 18. Nxe4 Qxd4 19. Bxf4 Qxa4 20.
Bxc7 Qc2 21. Rac1 Qxb2 22. h4 Nxh4 23. Qh5 Nf5 24. Be5 Qb6 25. Qg4 Kh8 26.
Rc7 f6 27. Bf4 Rac8 28. Rxc8 Bxc8 29. Qf3 Re8 30. Rd1 Qc6 31. Qd3 h6 32.
Nc3 Be6 33. a4 Nh4 34. Qg3 Nf5 35. Qg6 Rf8 36. Nb5 Nh4 37. Qg3 Nf5 38. Qg6
Qe4 39. Bh2 Qxa4 40. Nc3 Qb3 41. Rc1 Qb2 0-1